| 000 | 01529nam a2200361 a 4500 | ||
|---|---|---|---|
| 001 | ebr10340767 | ||
| 003 | CaPaEBR | ||
| 006 | m u | ||
| 007 | cr cn||||||||| | ||
| 008 | 090316s2009 msuaf sb s001 0 eng | ||
| 010 | _z 2009009732 | ||
| 020 | _z9781604732429 (cloth : alk. paper) | ||
| 020 | _z1604732423 (cloth : alk. paper) | ||
| 040 |
_aCaPaEBR _cCaPaEBR |
||
| 035 | _a(OCoLC)472611418 | ||
| 043 | _anwvi--- | ||
| 050 | 1 | 4 |
_aHQ1220.V63 _bO45 2009eb |
| 082 | 0 | 4 |
_a306.4/613 _222 |
| 100 | 1 | _aOliver, M. Cynthia. | |
| 245 | 1 | 0 |
_aQueen of the Virgins _h[electronic resource] : _bpageantry and black womanhood in the Caribbean / _cM. Cynthia Oliver. |
| 260 |
_aJackson : _bUniversity Press of Mississippi, _cc2009. |
||
| 300 |
_ax, 182 p., [8] p. of plates : _bill. |
||
| 490 | 1 | _aCaribbean studies series | |
| 504 | _aIncludes bibliographical references and index. | ||
| 533 |
_aElectronic reproduction. _bPalo Alto, Calif. : _cebrary, _d2013. _nAvailable via World Wide Web. _nAccess may be limited to ebrary affiliated libraries. |
||
| 650 | 0 |
_aBeauty contests _zVirgin Islands of the United States. |
|
| 650 | 0 |
_aBeauty contestants _zVirgin Islands of the United States. |
|
| 650 | 0 |
_aWomen, Black _zVirgin Islands of the United States. |
|
| 655 | 7 |
_aElectronic books. _2local |
|
| 710 | 2 | _aebrary, Inc. | |
| 830 | 0 | _aCaribbean studies series (Jackson, Miss.) | |
| 856 | 4 | 0 |
_uhttp://site.ebrary.com/lib/rucke/Doc?id=10340767 _zAn electronic book accessible through the World Wide Web; click to view |
| 999 |
_c46869 _d46869 |
||